d autres grosses tetes - Statistiques

Statistiques générales
  • Ce quiz a été pris 9 fois
  • Le résultat moyen est 10 sur 36
Statistiques - réponses
Par images Réponse % Correct
Jean Lefebvre
89%
Chantal Goya
67%
Jean benguigui
67%
Pierre Perret
67%
Brigitte Lahaye
56%
Leon Zitrone
56%
Marie Laforet
56%
Nicoletta
56%
Bernard Pivot
44%
Rika Zarai
44%
Yves Lecoq
44%
Frederic Dard
33%
Garcimore
33%
Marcel Amont
33%
Nicole Croisille
33%
Pierre Benichou
33%
Bernard Mabille
22%
Claude Chabrol
22%
Sophie Garel
22%
Cecile Bois
11%
Eva Darlan
11%
Gerard Majax
11%
Haroun Tazieff
11%
Henri Guybet
11%
Jean Jacques Peroni
11%
Pierre Aucaigne
11%
Robert Lamoureux
11%
Chantal Gallia
0%
Corinne Le Poulain
0%
Dominique Paturel
0%
Evelyne Pages
0%
Jack Lantier
0%
Jacky Berroyer
0%
Jacques Fabbri
0%
Jacques Mailhot
0%
Laurence Badie
0%
Aucun quiz correspondant
Distribution des résultats
% des personnes avec chaque résultat
Percentile par nombre de réponses
Votre historique - résultats
Vous n’avez pas pris ce quiz